skbl

Dr Suryya Kumar Bhuyan Library Web-OPAC
ডঃ সূৰ্য্য
কুমাৰ ভূঞা পুথিভঁৰাল ৱেব-অ'পেক

All Research Scholars are advised to clear the annual library fees to continue using Library Resources, Remote Access, Plagiarism Test and Library Clearance.

Cotton University Book Fair 2026

Asomat Janajati Adhyanar Porikroma (Record no. 64922)

MARC details
000 -LEADER
fixed length control field 00556nam a2200205Ia 4500
001 - CONTROL NUMBER
control field 63821
008 - FIXED-LENGTH DATA ELEMENTS--GENERAL INFORMATION
fixed length control field 190917n2015 ii |||gr||||Z||||||asm
020 ## - INTERNATIONAL STANDARD BOOK NUMBER
International Standard Book Number 978-93-82750-90-
082 ## - DEWEY DECIMAL CLASSIFICATION NUMBER
Classification number 301.2
100 ## - MAIN ENTRY--PERSONAL NAME
Personal name Dutta, Suman,
Relator term Author.
245 #0 - TITLE STATEMENT
Title Asomat Janajati Adhyanar Porikroma
Statement of responsibility, etc. By Suman Dutta
Medium Textual Documents
250 ## - EDITION STATEMENT
Edition statement ist ed.
260 ## - PUBLICATION, DISTRIBUTION, ETC.
Place of publication, distribution, etc. Assam
Name of publisher, distributor, etc. Banalata
Date of publication, distribution, etc. 2015
300 ## - PHYSICAL DESCRIPTION
Extent pg194:
Dimensions 20cm.
653 ## - INDEX TERM--UNCONTROLLED
Uncontrolled term Assamese
653 ## - INDEX TERM--UNCONTROLLED
Uncontrolled term Assamese literature
653 ## - INDEX TERM--UNCONTROLLED
Uncontrolled term Folk culture- North East India
653 ## - INDEX TERM--UNCONTROLLED
Uncontrolled term G- Assamese
942 ## - ADDED ENTRY ELEMENTS (KOHA)
Source of classification or shelving scheme Dewey Decimal Classification
Koha item type Books
Holdings
Withdrawn status Lost status Damaged status Not for loan Collection Home library Current library Shelving location Date acquired Coded location qualifier Cost, normal purchase price Total checkouts Full call number Barcode Date last seen Copy number Price effective from Koha item type
          Dr. Suryya Kumar Bhuyan Library Dr. Suryya Kumar Bhuyan Library   17/09/2019 00000 170.00   301.2 Du 95 As 1580/cu 14/01/2024 1 17/09/2019 Books

Designed and Maintained by Team SKBL
©1901-2026

Powered by Koha